000 00762nam a2200205 i 4500
001 90826
003 ES-MaACL
005 20250806083105.0
007 t|
008 050125s1975 sp ||||1| spa d
245 0 0 _aLecturas sobre la estructura temporal de los tipos de interés /
_cselección y nota introductoria por Juan Angelet Cladellas.
260 _aMadrid :
_bConfederación Española de Cajas de Ahorros,
_c[1975]
300 _aXVI, 347 p. ;
_c22 cm.
490 1 _aColección "Temas de Ahorro y Crédito" ;
_v8
650 7 _aTipos de interés
_2embne
_9161493
700 1 _aAngelet Cladellas, Joan.
_9161492
830 0 _aColección "Temas de Ahorro y Crédito" ;
_v8
_9231955
852 _aES-MaACL
_jE-8889
_bR.93359
999 _c90826
_d90826